00984nam a2200205 a 450000100100000000500170001000800410002704000250006808200140009324500490010726001170015630000360027349000360030950001220034583000430046704900090051095201180051995201240063799900170076100001925120200929165948.0100528s1970 ag ac r 000 0 spa d aDO-SdBNPbspacBNPHU axxxbM29400aManual de desarrollo de las áreas remotas. aBuenos Aires, Argentina :bCentro Regional de Ayuda Técnica :bAgencia para el Desrrollo Internacional,c1970. a670 p. :bil., retrs. ;c20 cm.1 aColección América en letras aEn la portada: recopilado por el personal de campaña del Community Development Counselling Service, INC. (C.D.C.S.) 0aColección América en letras941424 aBNGR 001054708MOaGRbGRcCTd2010-05-28iLF1l0oxxx M294p19251-10r2020-06-25w2020-06-25y4ZPréstamo en sala 001054728MOaGRbGRcCTd2010-05-28iLF1l0oxxx M294p19251-20r2020-06-25te. 2w2020-06-25y4ZPréstamo en sala c18769d18769